00557nam a2200157Ia 4500008004100000020001800041041000800059082001500067100002000082245006900102260003800171300000900209500001000218999001700228952015400245220803s9999 xx 000 0 und d a9783035623604 aeng a720.47 RYA aRyan D J927410 aDrawing Climate : Visualising Invisible Elements Of Architecture aBaselbBirkhauser Publisherc2022 a232p aENVIR c17468d17468 001040738Book of B ArchaBNCAbBNCAd2022-01-31eAmanorag6851.64o720.47 RYApBNCA-BK-11684r2022-08-03 00:00:00v6851.64w2022-01-05yRFzB11684